Architectural Rendering : (Record no. 5160)

000 -CABECERA
fixed length control field 00877nam a22002177a 4500
003 - IDENTIFICADOR DEL NÚMERO DE CONTROL
control field AR-CdUCM
008 - DATOS DE LONGITUD FIJA--INFORMACIÓN GENERAL
fixed length control field 190312b ||||| |||| 00| 0 spa d
040 ## - FUENTE DE LA CATALOGACIÓN
Agencia/entidad que catalogó originalmente la obra MUNICIPALIDAD PROVINCIAL DEL CUSCO
Entidad que transcribió la catalogación BIBLIOTECA MUNICIPAL DEL CUSCO
082 ## - NÚMERO DE LA CLASIFICACIÓN DECIMAL DEWEY
No. de Clasificación 720 /
Notacion interna H17
100 ## - ENTRADA PRINCIPAL--NOMBRE DE PERSONA
Nombre Personal Halse, Albert O.
245 ## - MENCIÓN DE TÍTULO
Título Architectural Rendering :
Resto del título The techniques of contemporary presentation /
260 ## - PUBLICACIÓN, DISTRIBUCIÓN, ETC.
Lugar de publicación, distribución, etc. United States of América :
Nombre de la editorial, distribuidor, etc. McGraw-Hill Book Company ;
Fecha de publicación, distribución, etc. 1960.
300 ## - DESCRIPCIÓN FÍSICA
Nº de Páginas Extensión 277 páginas ;
Otros detalles físicos Fotografías, ilustraciones, planos
Dimensiones 29cm
505 ## - NOTA DE CONTENIDO CON FORMATO
Nota de contenido formateada Contenido: The importance of rendering in architecture -- The magic of imagery -- A quick look at perspective -- Some rules of composition -- A study of light...
650 ## - PUNTO DE ACCESO ADICIONAL DE MATERIA--TÉRMINO DE MATERIA
Descriptor Architecture
9 (RLIN) 15668
650 ## - PUNTO DE ACCESO ADICIONAL DE MATERIA--TÉRMINO DE MATERIA
Descriptor Light
9 (RLIN) 15669
650 ## - PUNTO DE ACCESO ADICIONAL DE MATERIA--TÉRMINO DE MATERIA
Descriptor Perspective
9 (RLIN) 15670
650 ## - PUNTO DE ACCESO ADICIONAL DE MATERIA--TÉRMINO DE MATERIA
Descriptor Color
9 (RLIN) 15671
942 ## - ELEMENTOS DE PUNTO DE ACCESO ADICIONAL (KOHA)
Fuente de clasificación
Tipo de item Libros-BMC
945 ## - PROCESAMIENTO DE INFORMACIÓN LOCAL (OCLC)
Catalogador nom
Holdings
Estado de retiro (separado) Fuente de clasificación o esquema de estanterías Estado dañado Ubicación Sala donde se ubica Nombre de la colección Fecha de adquisición o compra Costo, precio normal en soles Signatura topográfica Código de Barras Última vez visto (Koha) Tipo de ítem (Koha)
No     Sala Artes Sala Artes Book Cart 2019-03-12 80.00 720 / H17 SA0000000259 2019-03-12 Libros-BMC

Powered by Koha